Tytuły książek A-Z po opisie fabuły - Statystyki

Ogólne statystyki
  • Ten quiz został rozwiązany 103 razy
  • Średni wynik to 9 z 22
Statystyki odpowiedzi
Opis Tytuł % Poprawnych
Dziewczynka, goniąc białego królika, trafia do magicznej krainy pełnej osobliwych postaci. Alicja w krainie czarów
93%
Tytułowa bohaterka tego klasycznego dramatu rywalizuje z siostrą o względy mężczyzny. Balladyna
88%
Sielankowa opowieść o sześciorgu dzieci mieszkających w maleńkiej, szwedzkiej wiosce. Dzieci z Bullerbyn
88%
Zwierzęta hodowlane rozpoczynają rewolucję przeciwko ludziom. Folwark zwierzęcy
74%
Pierwszy tom kultowej sagi. Młody chłopak dowiaduje się, że jest czarodziejem. Trafia do szkoły, w której będzie doskonalił swoje zdolności, zdobywał przyjaźnie i przeżywał niezwykłe przygody. Harry Potter i kamień filozoficzny
67%
Dramat ukazujący przekrój polskiego społeczeństwa podczas uroczystości zaślubin poety z chłopką. Wesele
66%
Rozpieszczona dziewczynka i chory chłopiec trafiają do magicznego ogrodu, w którym odnajdują radość, dobro i wewnętrzną siłę. Tajemniczy ogród
56%
Chora na raka nastolatka na spotkaniu grupy wsparcia poznaje chłopaka, który odmienia jej życie. Gwiazd naszych wina
44%
Prawdziwa historia narkomanki z Berlina. My, dzieci z dworca ZOO
35%
Polska powieść fantastyczna, której bohater podróżuje z Ziemi na odległą stację kosmiczną. Solaris
35%
Klasyka literatury angielskiej. Opowieść o dwóch siostrach, z których jedna kieruje się w życiu sercem, a druga rozumem. Choć różne od siebie, pragną tego samego - szczęśliwego małżeństwa. Rozważna i romantyczna
32%
Akcja dzieje się w czasie II Wojny Światowej w III Rzeszy. Nastoletnia dziewczynka mieszka z przybranymi rodzicami, którzy udzielają schronienia Żydowi. Narratorką powieści nie jest zwyczajna osoba. Złodziejka książek
30%
Zekranizowana powieść o przestępcy, który w celu uniknięcia kary udaje chorobę psychiczną i trafia na oddział zamknięty szpitala psychiatrycznego. Lot nad kukułczym gniazdem
27%
Główny bohater podróżuje statkiem w głąb niebezpiecznej afrykańskiej dżungli. Jądro ciemności
26%
Akcja dzieje się w Republice Gileadu, gdzie kobiety w wieku rozrodczym oddawane są wysoko postawionym mężczyznom na służbę. Ich najważniejszym zadaniem jest płodzenie nowych obywateli. Opowieść podręcznej
24%
Antyutopia, w której ludzie warunkowani są do bezwzględnego realizowania zadań przypisanej im kasty. Aby czuć się spełnionymi i szczęśliwymi, przyjmują somę. Nowy wspaniały świat
23%
Japońska powieść o emerytowanym profesorze matematyki mającym problemy z pamięcią, jego gosposi i jej synu. Ukochane równanie profesora
22%
Główny bohater, Daniel, zostaje zaprowadzony przez ojca do miejsca pełnego przebrzmiałych książek. Może wybrać jedną pozycję, książkę swojego życia, którą uratuje od zapomnienia. Cień wiatru
20%
Tytuł odnosi się do miejsca w którym przetrzymywane są dzieci obdarzone nadprzyrodzonymi mocami - zdolnościami telepatii lub telekinezy. Instytut
20%
Prawdziwy opis doświadczeń autora (poety, prozaika i dramatopisarza) z największego powstania w czasie II Wojny Światowej. Pamiętnik z powstania warszawskiego
15%
Drugi tom serii o sympatycznych fińskich trolach. Bohaterowie wybierają się do obserwatorium w Górach Skalistych, w nadziei na uratowanie swojej Doliny przed kosmiczną katastrofą. Kometa nad Doliną Muminków
13%
Mieczysław, student ze Lwowa, przyjeżdża do uzdrowiska na Dolnym Śląsku z nadzieją na wyleczenie gruźlicy płuc. Empuzjon
11%
Nie znaleziono quizów pasujących do podanych kryteriów
Rozkład punktacji
Procent ludzi z każdym wynikiem
Percentyl według liczby udzielonych odpowiedzi
Twoja historia wyników
Nie rozwiązałeś tego quizu